| 000 | 00508nam a2200157Ia 4500 | ||
|---|---|---|---|
| 008 | 140925s9999 xx 000 0 und d | ||
| 245 |
_aInternational Journal of information technology / _h[electronic resource] |
||
| 260 |
_bSingapore Computer Society, _cc2010. |
||
| 516 | _aElectronic text | ||
| 650 | _aInformation Technology. | ||
| 650 | _aJournal. | ||
| 830 | _aSingapore Computer Society | ||
| 856 | _uhttp://www.intjit.org/journal/index.html | ||
| 942 | _cEJ | ||
| 999 |
_c275712 _d275712 |
||